| 000 | 00426nam a2200169Ia 4500 | ||
|---|---|---|---|
| 003 | 0STCL | ||
| 008 | 150530s9999 xx 000 0 und d | ||
| 040 |
_aSTCL _cSTCL |
||
| 100 | _aManning Aubrey; Dawkins Marian Stamp | ||
| 245 | _aIntroduction to animal behaviour | ||
| 250 | _aFourth | ||
| 260 |
_bCambridge university press _c1997 |
||
| 546 | _aEnglish | ||
| 942 |
_2ddc _cBK |
||
| 999 |
_c39032 _d39032 |
||
| 005 | 20220125170451.0 | ||